000 00475nam a22001697a 4500
005 20251108171730.0
008 250721s9999 xx 000 0 ara d
082 1 4 _a956.93/صاب
100 1 _aطعيمه، صابر
245 1 0 _aبنو إسرائيل في ميزان القرآن الكريم /
264 1 _aبيروت :
_bدار الجيل،
_c[19-].
300 _a301ص
650 1 7 _aاليهود
650 1 7 _aالتاريخ
942 _2ddc
_cBK
999 _c61093
_d61093